¿Yendo de la insania a la incapacidad? (Registro nro. 32897)

Detalles MARC
000 -LEADER
fixed length control field 00388 a2200121 4500
001 - CONTROL NUMBER
control field ART_48897
005 - DATE AND TIME OF LATEST TRANSACTION
control field 20260410162019.0
008 - FIXED-LENGTH DATA ELEMENTS--GENERAL INFORMATION
fixed length control field 260409a
100 1# - MAIN ENTRY--PERSONAL NAME
Personal name Olmo, Juan P.
245 10 - TITLE STATEMENT
Title ¿Yendo de la insania a la incapacidad?
700 1# - ADDED ENTRY--PERSONAL NAME
Personal name Scaserra, Selene I.
773 0# - HOST ITEM ENTRY
Title Temas de derecho de familia, sucesiones y bioética
Related parts - Año 4, N° 4 (abr. 2019)
Record control number REV41029

No hay ítems disponibles.